000 004790000a22001450004500
090 _aAR
_b01914
245 1 0 _aDeterminación de capacidad de carga turística en áreas protegidas
650 1 4 _aEcoturismo
_992485
650 1 4 _aManejo sostenible
_992592
650 1 4 _aPolíticas ambientales
_95366
041 0 _aEspañol
100 1 _aCifuentes, Miguel
_912903
942 _cARTICULO
773 1 _tDeterminación de Capacidad de Carga Turística en Áreas Protegidas
_3642
_q1-25
_d1992
999 _c10991
_d10991